Statistics for People by Picture - N

Click here to take the quiz!

General Stats

  • This quiz has been taken 559 times
  • The average score is 9 of 15

Answer Stats

Answer% Correct
Neil Armstrong
95%
Nelson Mandela
92%
Nicolas Cage
85%
Napoléon Bonaparte
81%
Nicki Minaj
77%
Neil Patrick Harris
65%
Nikola Tesla
63%
Nancy Reagan
62%
Nick Jonas
58%
Novak Djokovic
52%
Neil deGrasse Tyson
47%
Nadia Comaneci
44%
Ned Kelly
16%
Noah Webster
11%
Nathaniel Wallich
3%

Score Distribution

Percentile by Number Answered

Percent of People with Each Score

Your Score History

You have not taken this quiz